[Event "World Youth U-16 Olympiad 2018"]
[Site "Konya"]
[Date "2018.11.26"]
[Round "3"]
[White "Moran, Hugh"]
[Black "Putter, Nicola"]
[Result "1/2-1/2"]
[WhiteElo "1498"]
[BlackElo "1351"]
[Annotator "NA RC"]
[PlyCount "166"]
[EventDate "2018.11.25"]
[EventType "team-tourn"]
[EventCountry "TUR"]
[SourceTitle "playchess.com"]
[Source "ChessBase"]
[SourceQuality "1"]
[WhiteTeam "Ireland"]
[BlackTeam "South Africa"]
[WhiteTeamCountry "IRL"]
[BlackTeamCountry "RSA"]

1. e4 e5 2. Nf3 Nc6 3. d4 exd4 4. Nxd4 Bc5 5. Nb3 Bb6 6. Nc3 a6 7. f3 d6 8. Qe2 Be6 9. Be3 Bxe3 10. Qxe3 Qf6 11. O-O-O O-O-O 12. Nd4 Nge7 13. Nxe6 fxe6 14. f4 Rhf8 15. g3 Qh6 16. Qd2 g6 17. Ne2 e5 18. Bg2 Qg7 19. Rdf1 Qg8 20. Nc3 Nd4 21. Nd5 Nxd5 22. exd5 Kb8 23. c3 Nf5 24. fxe5 dxe5 25. Re1 Rfe8 26. Qc2 Qf8 27. Kb1 Rd7 28. Qb3 Nd6 29. Bh3 Rde7 30. Be6 e4 31. c4 Qf3 32. Rhf1 Qd3+ 33. Qxd3 exd3 34. b3 c6 35. Re3 cxd5 36. cxd5 Rd8 37. Rxd3 Ne4 38. Bg4 Rxd5 39. Rf8+ Ka7 40. Rxd5 Nc3+ 41. Kb2 Nxd5 42. Rf2 Nb4 43. Rd2 Kb6 44. a3 Nc6 45. Re2 Rf7 46. Kc3 h5 47. Be6 Rf1 48. Bc4 Rf3+ 49. Kb2 Kc5 50. Rc2 Kd4 51. Rd2+ Ke3 52. Re2+ Kd4 53. Rd2+ Ke5 54. Re2+ Kf5 55. Bd5 Rf1 56. Bxc6 bxc6 57. Rc2 Kg4 58. Rxc6 Rf2+ 59. Rc2 Rxc2+ 60. Kxc2 Kh3 61. b4 Kxh2 62. a4 Kxg3 63. b5 axb5 64. axb5 h4 65. b6 h3 66. b7 h2 67. b8=Q+ Kg2 68. Qb7+ Kg1 69. Qb6+ Kg2 70. Qxg6+ Kh1 71. Qe4+ Kg1 72. Qe3+ Kg2 73. Qe2+ Kg1 74. Qe3+ Kg2 75. Qg5+ Kh1 76. Qh4 Kg2 77. Qg4+ Kh1 78. Qf3+ Kg1 79. Kd2 h1=Q 80. Qe3+ Kh2 81. Qe5+ Kg1 82. Qg3+ Qg2+ 83. Qxg2+ Kxg2 1/2-1/2

[Event "World Youth U-16 Olympiad 2018"]
[Site "Konya"]
[Date "2018.11.26"]
[Round "3"]
[White "Boubendir, Nesrine"]
[Black "Pacan-Milej, Kosma"]
[Result "0-1"]
[WhiteElo "1467"]
[BlackElo "2334"]
[Annotator "TA"]
[PlyCount "96"]
[EventDate "2018.11.25"]
[EventType "team-tourn"]
[EventCountry "TUR"]
[SourceTitle "playchess.com"]
[Source "ChessBase"]
[SourceQuality "1"]
[WhiteTeam "Algeria"]
[BlackTeam "Poland"]
[WhiteTeamCountry "ALG"]
[BlackTeamCountry "POL"]

1. e4 c5 2. Nf3 d6 3. d4 Nf6 4. Nc3 cxd4 5. Nxd4 a6 6. Be2 e5 7. Nf3 h6 8. O-O Be6 9. Be3 Be7 10. h3 O-O 11. Qd2 Nbd7 12. Rfd1 Rc8 13. Qe1 Qc7 14. Nd2 b5 15. a3 Rfd8 16. Rac1 Nc5 17. Kh1 Qb7 18. Bf3 a5 19. Bxc5 dxc5 20. Rb1 c4 21. Nf1 Bc5 22. Ne3 Qb6 23. Ncd5 Bxd5 24. Nxd5 Nxd5 25. exd5 Re8 26. Rd2 e4 27. Re2 f5 28. Bh5 g6 29. Bxg6 Qxg6 30. Qxa5 Kh8 31. Qc3+ Qg7 32. Qxg7+ Kxg7 33. Kh2 Kf6 34. Rd1 Rcd8 35. g3 Rd6 36. Kg2 Red8 37. Red2 Ke5 38. f4+ Kf6 39. Kf1 e3 40. Re2 Rxd5 41. Rxd5 Rxd5 42. Ke1 h5 43. c3 Rd8 44. Kf1 Rg8 45. Rg2 Bd6 46. h4 Ke6 47. Rg1 Bxf4 48. gxf4 e2+ 0-1

[Event "World Youth U-16 Olympiad 2018"]
[Site "Konya"]
[Date "2018.11.26"]
[Round "3"]
[White "Karibaev, Dimash"]
[Black "Asavasaetakul, Chawit"]
[Result "1-0"]
[WhiteElo "1460"]
[BlackElo "1656"]
[Annotator "NA"]
[PlyCount "47"]
[EventDate "2018.11.25"]
[EventType "team-tourn"]
[EventCountry "TUR"]
[SourceTitle "playchess.com"]
[Source "ChessBase"]
[SourceQuality "1"]
[WhiteTeam "Kazakhstan"]
[BlackTeam "Thailand"]
[WhiteTeamCountry "KAZ"]
[BlackTeamCountry "THA"]

1. c4 e5 2. Nc3 Nc6 3. d3 Bb4 4. e4 d6 5. Be2 Nge7 6. f4 f5 7. Nf3 O-O 8. O-O exf4 9. Nd5 fxe4 10. dxe4 Bc5+ 11. Kh1 Ng6 12. Bd2 Be6 13. Bc3 a5 14. Nd2 Nb8 15. Bg4 Bxd5 16. exd5 Nd7 17. Be6+ Kh8 18. Ne4 Bb6 19. Rf3 Nc5 20. Nxc5 Bxc5 21. Rh3 Qg5 22. Rh5 Qe7 23. Rxh7+ Kxh7 24. Qh5# 1-0

[Event "World Youth U-16 Olympiad 2018"]
[Site "Konya"]
[Date "2018.11.26"]
[Round "3"]
[White "Chabane, Lina"]
[Black "Malicka, Maria"]
[Result "0-1"]
[WhiteElo "1326"]
[BlackElo "2013"]
[Annotator "NA"]
[PlyCount "111"]
[EventDate "2018.11.25"]
[EventType "team-tourn"]
[EventCountry "TUR"]
[SourceTitle "playchess.com"]
[Source "ChessBase"]
[SourceQuality "1"]
[WhiteTeam "Algeria"]
[BlackTeam "Poland"]
[WhiteTeamCountry "ALG"]
[BlackTeamCountry "POL"]

1. e4 e5 2. Nf3 Nc6 3. Bc4 Bc5 4. O-O Nf6 5. d4 Bxd4 6. Nxd4 Nxd4 7. Bg5 h6 8. Bh4 g5 9. f4 gxh4 10. fxe5 d5 11. exd5 Nxd5 12. Qxd4 Be6 13. Bxd5 Qxd5 14. Qxd5 Bxd5 15. Nc3 Be6 16. h3 O-O-O 17. Rf4 Rd2 18. Rf2 Rxf2 19. Kxf2 Bf5 20. Nb5 Rd8 21. Nxa7+ Kb8 22. Nb5 Rd2+ 23. Kg1 Be4 24. Re1 Bc6 25. Na3 Rxg2+ 26. Kf1 Rg3 27. e6 Rxh3 28. e7 Rh1+ 29. Kf2 Rxe1 30. Kxe1 h3 31. Kf2 h2 32. e8=Q+ Bxe8 33. Kg2 Kc8 34. Nc4 Kd7 35. Ne5+ Ke6 36. Nd3 Kf5 37. Kxh2 Bb5 38. Ne1 Ke4 39. Kg2 Ke3 40. Kg3 Be2 41. b3 Bd1 42. c4 Kd2 43. Ng2 Bc2 44. Kf4 Bb1 45. b4 Bxa2 46. c5 Kc3 47. b5 Kd4 48. b6 c6 49. Ne3 Kxc5 50. Nf5 Kxb6 51. Nxh6 Kc5 52. Ke3 Be6 53. Ng8 b5 54. Kd3 Kb4 55. Kc2 c5 56. Nf6 0-1

[Event "World Youth U-16 Olympiad 2018"]
[Site "Konya"]
[Date "2018.11.26"]
[Round "3"]
[White "Kadyrkulov, Saiid"]
[Black "Coicev, Matei-Andrei"]
[Result "1-0"]
[WhiteElo "1325"]
[BlackElo "1489"]
[Annotator "NA"]
[PlyCount "77"]
[EventDate "2018.11.25"]
[EventType "team-tourn"]
[EventCountry "TUR"]
[SourceTitle "playchess.com"]
[Source "ChessBase"]
[SourceQuality "1"]
[WhiteTeam "Kyrgyzstan"]
[BlackTeam "Romania"]
[WhiteTeamCountry "KGZ"]
[BlackTeamCountry "ROU"]

1. e4 c5 2. Nf3 g6 3. d4 cxd4 4. Nxd4 Bg7 5. Nc3 Nc6 6. Be3 Nf6 7. Be2 O-O 8. Qd2 d6 9. O-O-O a6 10. h4 Nxd4 11. Bxd4 b5 12. a3 Rb8 13. h5 Bd7 14. hxg6 fxg6 15. e5 Ne8 16. exd6 Nxd6 17. Bxg7 Kxg7 18. Qh6+ Kf6 19. Nd5+ Ke5 20. Qe3+ Ne4 21. f4+ Kd6 22. Qxe4 Bf5 23. Nxe7+ Kc5 24. Qe3+ Qd4 25. b4+ Kb6 26. Qxd4+ Kb7 27. Bf3+ Kc7 28. Qa7+ Rb7 29. Bxb7 Re8 30. Nd5+ Kd6 31. Qc5+ Kd7 32. Rxh7+ Kd8 33. Qd6+ Bd7 34. Bc6 Re7 35. Qxe7+ Kc8 36. Bxd7+ Kb7 37. Bxb5+ Ka8 38. Bxa6 g5 39. Qb7# 1-0

[Event "World Youth U-16 Olympiad 2018"]
[Site "Konya"]
[Date "2018.11.26"]
[Round "3"]
[White "Bugdayci, Yuksel"]
[Black "Csiki, Endre"]
[Result "0-1"]
[WhiteElo "1299"]
[BlackElo "2282"]
[Annotator "NA"]
[PlyCount "62"]
[EventDate "2018.11.25"]
[EventType "team-tourn"]
[EventCountry "TUR"]
[SourceTitle "playchess.com"]
[Source "ChessBase"]
[SourceQuality "1"]
[WhiteTeam "Turkey"]
[BlackTeam "Hungary"]
[WhiteTeamCountry "TUR"]
[BlackTeamCountry "HUN"]

1. e4 e6 2. d4 d5 3. exd5 exd5 4. Bd3 Nc6 5. Nf3 Bd6 6. O-O Nge7 7. Re1 Bg4 8. c3 Qd7 9. Bg5 f6 10. Bh4 O-O-O 11. Nbd2 h5 12. Bg3 g5 13. Bxd6 Qxd6 14. Qc2 Bd7 15. Nb3 Kb8 16. Nc5 Bc8 17. b4 Rdg8 18. a4 h4 19. Kh1 g4 20. Ng1 g3 21. fxg3 hxg3 22. h3 Nd8 23. Bf1 Nf7 24. Re2 Ng5 25. Nd3 Bf5 26. Qd2 Ng6 27. Re3 Be4 28. Nf3 Bxf3 29. Rxf3 Nxf3 30. gxf3 Qd7 31. Qg2 Nh4 0-1

[Event "World Youth U-16 Olympiad 2018"]
[Site "Konya"]
[Date "2018.11.27"]
[Round "4"]
[White "Esipenko, Andrey"]
[Black "Nogerbek, Kazybek"]
[Result "1/2-1/2"]
[WhiteElo "2609"]
[BlackElo "2316"]
[Annotator "TA"]
[PlyCount "201"]
[EventDate "2018.11.25"]
[EventType "team-tourn"]
[EventCountry "TUR"]
[SourceTitle "playchess.com"]
[Source "ChessBase"]
[SourceQuality "1"]
[WhiteTeam "Russia"]
[BlackTeam "Kazakhstan"]
[WhiteTeamCountry "RUS"]
[BlackTeamCountry "KAZ"]

1. d4 Nf6 2. Bf4 e6 3. e3 c5 4. c3 d5 5. Nd2 Nc6 6. Ngf3 Be7 7. h3 Bd6 8. dxc5 Bxc5 9. Bd3 Bd6 10. Bxd6 Qxd6 11. O-O O-O 12. Qe2 Ne5 13. Nxe5 Qxe5 14. e4 dxe4 15. Nxe4 Nxe4 16. Qxe4 Qxe4 17. Bxe4 e5 18. f4 exf4 19. Rxf4 Be6 20. Bxb7 Rab8 21. Bf3 Rxb2 22. Ra4 Rc8 23. Rxa7 g6 24. a4 Rxc3 25. a5 Bxh3 26. Kh1 Rbc2 27. Ra4 Bc8 28. a6 Bxa6 29. R4xa6 Rc7 30. Bb7 Kg7 31. Rb6 Rd2 32. Ra8 Rcd7 33. Bf3 Rd8 34. Ra1 R2d6 35. Rb5 h5 36. Kh2 R6d7 37. Kg3 Rd4 38. Rc1 R8d7 39. Kh2 Rh4+ 40. Kg3 Rhd4 41. Bb7 Rd1 42. Rcc5 R1d3+ 43. Kh2 R3d4 44. Bc8 Re7 45. Bh3 Rde4 46. Rd5 Re3 47. Bd7 Re2 48. Rb8 R2e5 49. Rd6 Re3 50. Ba4 R3e4 51. Bb3 Rh4+ 52. Kg1 Rhe4 53. Rdd8 Re1+ 54. Kh2 Rb1 55. Rg8+ Kf6 56. Rb6+ Kg5 57. Rgb8 Kh6 58. Bd5 Rxb6 59. Rxb6 Rd7 60. Bf3 Kg7 61. Kg3 Rd4 62. Rb7 Rd6 63. Kf4 Rf6+ 64. Ke5 Re6+ 65. Kd4 Rf6 66. Bd5 Rf5 67. Rc7 Kf8 68. Kc5 Rf6 69. Rd7 Kg7 70. Bc6 Kf8 71. Kb6 Kg7 72. Kc7 h4 73. Bd5 g5 74. Re7 Kg6 75. Be4+ Kh5 76. Bf3+ Kh6 77. Re8 Kg7 78. Bc6 Re6 79. Ra8 Kf6 80. Bd5 Re3 81. Kd6 g4 82. Rf8 Kg5 83. Rxf7 h3 84. gxh3 gxh3 85. Kc5 Re1 86. Kd4 Kg4 87. Rg7+ Kf4 88. Kc3 Re5 89. Bb7 Rg5 90. Rh7 Kg3 91. Kd2 Re5 92. Rg7+ Kf4 93. Bh1 Rg5 94. Ra7 Rg1 95. Bd5 Rg5 96. Ba8 Rg8 97. Ke2 h2 98. Rf7+ Kg3 99. Bh1 Rb8 100. Rg7+ Kf4 101. Rb7 1/2-1/2

[Event "World Youth U-16 Olympiad 2018"]
[Site "Konya"]
[Date "2018.11.27"]
[Round "4"]
[White "Abdusattorov, Nodirbek"]
[Black "Brodsky, David"]
[Result "1/2-1/2"]
[WhiteElo "2560"]
[BlackElo "2415"]
[Annotator "TA"]
[PlyCount "153"]
[EventDate "2018.11.25"]
[EventType "team-tourn"]
[EventCountry "TUR"]
[SourceTitle "playchess.com"]
[Source "ChessBase"]
[SourceQuality "1"]
[WhiteTeam "Uzbekistan"]
[BlackTeam "United States"]
[WhiteTeamCountry "UZB"]
[BlackTeamCountry "USA"]

1. d4 d5 2. c4 c6 3. Nc3 Nf6 4. e3 a6 5. Qc2 e6 6. Nf3 c5 7. dxc5 Bxc5 8. a3 O-O 9. b4 Be7 10. Bb2 a5 11. b5 dxc4 12. Bxc4 Nbd7 13. O-O b6 14. Nd4 Bb7 15. Nc6 Qe8 16. Be2 Rc8 17. Bf3 Nb8 18. Nxe7+ Qxe7 19. Bxb7 Qxb7 20. Qe2 Nbd7 21. Rfd1 Nc5 22. f3 Rfd8 23. e4 Ne8 24. Rxd8 Rxd8 25. Rd1 Qc7 26. Bc1 Rxd1+ 27. Qxd1 Qd6 28. Qxd6 Nxd6 29. Be3 Nd7 30. a4 Nc4 31. Bd4 Kf8 32. Kf1 f6 33. Ke2 Ke7 34. Kd3 Nce5+ 35. Kc2 Kd6 36. Nd1 Nc5 37. Nb2 Ned7 38. Kc3 Kc7 39. Be3 h5 40. h4 Kb7 41. Bf2 Kc7 42. Bg3+ e5 43. Bf2 Kd6 44. Kc4 Ne6 45. Nd1 Nec5 46. Nc3 Ke6 47. Be3 Kd6 48. Bc1 Ke6 49. Ba3 g6 50. Bc1 Nb7 51. Nd5 Nd6+ 52. Kc3 Nc8 53. Ba3 f5 54. Kd3 Nf6 55. Nc3 Nd6 56. Bc1 fxe4+ 57. fxe4 Nd7 58. Be3 Nb7 59. Ke2 Nbc5 60. Bg5 Nb3 61. Bd8 Nbc5 62. Bc7 Kf7 63. Bd6 Ke6 64. Bc7 Kf7 65. Ke3 Ne6 66. Bd6 Nec5 67. Kd2 Ke6 68. Bc7 Kf7 69. g3 Ne6 70. Bd6 Nec5 71. Kc2 Ke8 72. Kd2 Kd8 73. Ke3 Ke8 74. Kd2 Kd8 75. Ke2 Ke8 76. Ke3 Kd8 77. Kd2 1/2-1/2

[Event "World Youth U-16 Olympiad 2018"]
[Site "Konya"]
[Date "2018.11.27"]
[Round "4"]
[White "Sindarov, Javokhir"]
[Black "Wang, Wesley"]
[Result "0-1"]
[WhiteElo "2513"]
[BlackElo "2248"]
[Annotator "TA"]
[PlyCount "32"]
[EventDate "2018.11.25"]
[EventType "team-tourn"]
[EventCountry "TUR"]
[SourceTitle "playchess.com"]
[Source "ChessBase"]
[SourceQuality "1"]
[WhiteTeam "Uzbekistan"]
[BlackTeam "United States"]
[WhiteTeamCountry "UZB"]
[BlackTeamCountry "USA"]

1. e4 e5 2. Bc4 Nc6 3. Nc3 Bc5 4. d3 d6 5. Be3 Bxe3 6. fxe3 Na5 7. Bb3 Nxb3 8. axb3 Qh4+ 9. g3 Qd8 10. Nf3 Ne7 11. O-O Ng6 12. d4 Bg4 13. Qd3 Qd7 14. Qb5 c6 15. Qb6 axb6 16. Rxa8+ Ke7 0-1

[Event "World Youth U-16 Olympiad 2018"]
[Site "Konya"]
[Date "2018.11.27"]
[Round "4"]
[White "Ivic, Velimir"]
[Black "Kosakowski, Jakub"]
[Result "1-0"]
[WhiteElo "2497"]
[BlackElo "2413"]
[Annotator "TA"]
[PlyCount "81"]
[EventDate "2018.11.25"]
[EventType "team-tourn"]
[EventCountry "TUR"]
[SourceTitle "playchess.com"]
[Source "ChessBase"]
[SourceQuality "1"]
[WhiteTeam "Serbia"]
[BlackTeam "Poland"]
[WhiteTeamCountry "SRB"]
[BlackTeamCountry "POL"]

1. e4 c5 2. Nf3 d6 3. d4 cxd4 4. Nxd4 Nf6 5. Nc3 a6 6. Be3 e5 7. Nb3 Be6 8. f3 h5 9. Nd5 Bxd5 10. exd5 Nbd7 11. Qd2 Rc8 12. O-O-O g6 13. Kb1 Bg7 14. Be2 O-O 15. g4 Qc7 16. Rc1 Qb8 17. g5 Ne8 18. c4 b6 19. Qd1 Nc5 20. Nd2 b5 21. cxb5 Nc7 22. Bxc5 dxc5 23. Ne4 Rfd8 24. Rxc5 Bf8 25. d6 Ne8 26. Rxc8 Qxc8 27. bxa6 Nxd6 28. Qc2 Qb8 29. Rd1 Nxe4 30. Rxd8 Qxd8 31. Qxe4 Qxg5 32. a3 Bc5 33. Ka2 Kg7 34. Bc4 h4 35. Bxf7 Kxf7 36. Qd5+ Kg7 37. Qxc5 Qf6 38. a7 Qf7+ 39. Ka1 Qxf3 40. Qxe5+ Kf7 41. Qc7+ 1-0

[Event "World Youth U-16 Olympiad 2018"]
[Site "Konya"]
[Date "2018.11.27"]
[Round "4"]
[White "Iniyan, P."]
[Black "Badelka, Olga"]
[Result "1/2-1/2"]
[WhiteElo "2468"]
[BlackElo "2390"]
[Annotator "TA"]
[PlyCount "65"]
[EventDate "2018.11.25"]
[EventType "team-tourn"]
[EventCountry "TUR"]
[SourceTitle "playchess.com"]
[Source "ChessBase"]
[SourceQuality "1"]
[WhiteTeam "IND"]
[BlackTeam "BLR"]
[BlackTeamCountry "BLR"]

1. d4 d5 2. c4 dxc4 3. e3 e5 4. Bxc4 exd4 5. exd4 Bd6 6. Nf3 Nf6 7. O-O O-O 8. h3 h6 9. Nc3 a6 10. Ne5 Nbd7 11. Re1 Nb6 12. Bb3 Be6 13. Bxe6 fxe6 14. Qb3 Nfd5 15. Ne4 Bxe5 16. dxe5 Qh4 17. Bd2 Rf7 18. Ba5 Nd7 19. Qxb7 Raf8 20. Qc6 Nf4 21. Rad1 Nxh3+ 22. gxh3 Nxe5 23. Qxe6 Nf3+ 24. Kh1 Qf4 25. Bxc7 Qxc7 26. Nd6 Nxe1 27. Rxe1 Qc2 28. Nxf7 Rxf7 29. Re2 Qc1+ 30. Kh2 Qf4+ 31. Kg1 Qc1+ 32. Kh2 Qf4+ 33. Kg1 1/2-1/2

[Event "World Youth U-16 Olympiad 2018"]
[Site "Konya"]
[Date "2018.11.27"]
[Round "4"]
[White "Niemann, Hans"]
[Black "Yakubboev, Nodirbek"]
[Result "1-0"]
[WhiteElo "2439"]
[BlackElo "2549"]
[Annotator "TA"]
[PlyCount "55"]
[EventDate "2018.11.25"]
[EventType "team-tourn"]
[EventCountry "TUR"]
[SourceTitle "playchess.com"]
[Source "ChessBase"]
[SourceQuality "1"]
[WhiteTeam "United States"]
[BlackTeam "Uzbekistan"]
[WhiteTeamCountry "USA"]
[BlackTeamCountry "UZB"]

1. d4 d6 2. Nf3 Bg4 3. g3 Bxf3 4. exf3 e6 5. c4 d5 6. Qb3 Nc6 7. Be3 Bb4+ 8. Nc3 Nge7 9. a3 Bxc3+ 10. bxc3 O-O 11. Qxb7 Rb8 12. Qa6 Rb3 13. Qa4 Rxc3 14. Kd2 e5 15. Kxc3 exd4+ 16. Kb2 dxe3 17. fxe3 Qd6 18. Ka2 Ne5 19. Be2 dxc4 20. Rhd1 Nd5 21. Rac1 Qc5 22. f4 Qxe3 23. Qc2 Nd3 24. Bxd3 cxd3 25. Qxd3 Qxd3 26. Rxd3 Rd8 27. Rxc7 g5 28. Ka1 1-0

[Event "World Youth U-16 Olympiad 2018"]
[Site "Konya"]
[Date "2018.11.27"]
[Round "4"]
[White "Gadimbayli, Abdulla"]
[Black "Petriashvili, Nikoloz"]
[Result "1/2-1/2"]
[WhiteElo "2419"]
[BlackElo "2389"]
[Annotator "TA"]
[PlyCount "62"]
[EventDate "2018.11.25"]
[EventType "team-tourn"]
[EventCountry "TUR"]
[SourceTitle "playchess.com"]
[Source "ChessBase"]
[SourceQuality "1"]
[WhiteTeam "Azerbaijan"]
[BlackTeam "Georgia"]
[WhiteTeamCountry "AZE"]
[BlackTeamCountry "GEO"]

1. e4 c5 2. Nf3 Nc6 3. Bb5 e6 4. Bxc6 bxc6 5. d3 Ne7 6. Qe2 Qc7 7. Nc3 e5 8. O-O Ng6 9. Ng5 Be7 10. Qh5 Bxg5 11. Qxg5 O-O 12. f4 f6 13. Qg3 exf4 14. Bxf4 Nxf4 15. Qxf4 Qe5 16. Qxe5 fxe5 17. b3 d6 18. Rxf8+ Kxf8 19. Kf2 Ke7 20. Ke3 Be6 21. Rf1 h5 22. Kd2 Rd8 23. Na4 Rh8 24. Ke3 Rb8 25. Rf2 Rb4 26. c3 Rb8 27. Rf1 Rd8 28. Rf2 Rb8 29. Rf1 Rd8 30. Rf2 Rb8 31. Rf1 Rd8 1/2-1/2

[Event "World Youth U-16 Olympiad 2018"]
[Site "Konya"]
[Date "2018.11.27"]
[Round "4"]
[White "Zarubitski, Viachaslau"]
[Black "Erigaisi Arjun"]
[Result "1/2-1/2"]
[WhiteElo "2417"]
[BlackElo "2531"]
[Annotator "TA"]
[PlyCount "83"]
[EventDate "2018.11.25"]
[EventType "team-tourn"]
[EventCountry "TUR"]
[SourceTitle "playchess.com"]
[Source "ChessBase"]
[SourceQuality "1"]
[WhiteTeam "Belarus"]
[BlackTeam "India"]
[WhiteTeamCountry "BLR"]
[BlackTeamCountry "IND"]

1. e4 e6 2. d4 d5 3. Nc3 Nf6 4. Bg5 dxe4 5. Nxe4 Be7 6. Bxf6 gxf6 7. Nf3 f5 8. Nc3 a6 9. g3 b5 10. Bg2 Bb7 11. O-O Bf6 12. Ne5 Bxg2 13. Kxg2 Bxe5 14. dxe5 Qxd1 15. Rfxd1 Nc6 16. f4 h5 17. a4 b4 18. Ne2 h4 19. Nd4 Ne7 20. Nf3 Nd5 21. Rxd5 h3+ 22. Kf2 exd5 23. Rd1 c6 24. Nd4 Kd7 25. Nxf5 f6 26. exf6 Raf8 27. g4 Rxf6 28. Kf3 Re8 29. Ng3 Rfe6 30. g5 b3 31. cxb3 Re3+ 32. Kg4 Rxb3 33. Rd2 Reb8 34. g6 Ke7 35. Kg5 Rxb2 36. Nf5+ Kd7 37. Rxb2 Rxb2 38. g7 Rxh2 39. Nh6 Rg2+ 40. Ng4 h2 41. g8=Q h1=Q 42. Qf7+ 1/2-1/2

[Event "World Youth U-16 Olympiad 2018"]
[Site "Konya"]
[Date "2018.11.27"]
[Round "4"]
[White "Garayev, Kanan"]
[Black "Oboladze, Luka"]
[Result "0-1"]
[WhiteElo "2406"]
[BlackElo "2318"]
[Annotator "NA"]
[PlyCount "68"]
[EventDate "2018.11.25"]
[EventType "team-tourn"]
[EventCountry "TUR"]
[SourceTitle "playchess.com"]
[Source "ChessBase"]
[SourceQuality "1"]
[WhiteTeam "Azerbaijan"]
[BlackTeam "Georgia"]
[WhiteTeamCountry "AZE"]
[BlackTeamCountry "GEO"]

1. Nf3 c5 2. g3 Nc6 3. Bg2 g6 4. c4 Bg7 5. O-O d6 6. Nc3 Bg4 7. h3 Bd7 8. e3 Qc8 9. Kh2 h5 10. d4 h4 11. g4 Nh6 12. g5 Nf5 13. Ne2 Na5 14. b3 b5 15. Bd2 Qa6 16. Rc1 bxc4 17. dxc5 cxb3 18. Bxa5 b2 19. Rb1 Qxa5 20. e4 dxc5 21. Qd5 Qc7+ 22. Kg1 Rd8 23. exf5 Bxf5 24. Qc4 Bd3 25. Qf4 Qxf4 26. Nxf4 Bxb1 27. Rxb1 O-O 28. Ne1 Rd2 29. Be4 Rfd8 30. Bc2 c4 31. Kf1 c3 32. Bb3 Rb8 33. Bc2 Rb6 34. Ne2 Re6 0-1

[Event "World Youth U-16 Olympiad 2018"]
[Site "Konya"]
[Date "2018.11.27"]
[Round "4"]
[White "Gorshtein, Ido"]
[Black "Brilej, Jaka"]
[Result "1-0"]
[WhiteElo "2390"]
[BlackElo "2101"]
[Annotator "NA"]
[PlyCount "73"]
[EventDate "2018.11.25"]
[EventType "team-tourn"]
[EventCountry "TUR"]
[SourceTitle "playchess.com"]
[Source "ChessBase"]
[SourceQuality "1"]
[WhiteTeam "Israel"]
[BlackTeam "Slovenia"]
[WhiteTeamCountry "ISR"]
[BlackTeamCountry "SLO"]

1. d4 d5 2. c4 e6 3. Nc3 Nf6 4. cxd5 exd5 5. Bg5 Nbd7 6. e3 c6 7. Bd3 Qa5 8. Qc2 Bd6 9. Nf3 h6 10. Bf4 Bxf4 11. exf4 O-O 12. O-O Re8 13. Rfe1 Rxe1+ 14. Rxe1 Nf8 15. f5 Bd7 16. h3 Re8 17. Re5 Bc8 18. Qd2 Qd8 19. Qf4 N8d7 20. Rxe8+ Nxe8 21. g4 Qe7 22. h4 f6 23. Qe3 Kf8 24. h5 Kf7 25. Nh4 Nf8 26. Qd2 Nd6 27. b3 b6 28. Ne2 Ne4 29. Qe3 Ng5 30. Qg3 Kg8 31. Kf1 c5 32. dxc5 bxc5 33. Qb8 Qd7 34. Nf4 Ne4 35. Nhg6 Nxg6 36. Nxg6 Kh7 37. Nf8+ 1-0

[Event "World Youth U-16 Olympiad 2018"]
[Site "Konya"]
[Date "2018.11.27"]
[Round "4"]
[White "Barseghyan, Armen Ar."]
[Black "Martins, Bruno Andre Leite"]
[Result "1-0"]
[WhiteElo "2386"]
[BlackElo "2205"]
[Annotator "NA"]
[PlyCount "91"]
[EventDate "2018.11.25"]
[EventType "team-tourn"]
[EventCountry "TUR"]
[SourceTitle "playchess.com"]
[Source "ChessBase"]
[SourceQuality "1"]
[WhiteTeam "Armenia"]
[BlackTeam "Portugal"]
[WhiteTeamCountry "ARM"]
[BlackTeamCountry "POR"]

1. d4 Nf6 2. Nf3 g6 3. g3 c5 4. dxc5 Qa5+ 5. Nc3 Bg7 6. Bg2 Ne4 7. Qd3 Nxc3 8. Bd2 Qxc5 9. Bxc3 Bxc3+ 10. bxc3 Nc6 11. O-O O-O 12. Rab1 a6 13. Qd2 Rb8 14. Ng5 Ne5 15. Rb4 f6 16. Ne4 Qc7 17. h4 Rd8 18. Rd4 d6 19. h5 Kg7 20. h6+ Kg8 21. c4 Be6 22. Rd1 Nxc4 23. Qf4 Qa5 24. Nxf6+ exf6 25. Re4 Qf5 26. Rxe6 Qxf4 27. gxf4 b5 28. Bd5 Kh8 29. Bxc4 bxc4 30. Rexd6 Rxd6 31. Rxd6 Kg8 32. Rxf6 Rb2 33. Rxa6 Rxc2 34. e4 c3 35. Kg2 Rd2 36. Rc6 c2 37. e5 Kf7 38. a4 Rd4 39. Kg3 Rxa4 40. Rxc2 Ke6 41. Rc7 g5 42. fxg5 Kf5 43. Rg7 Rg4+ 44. Kh3 Re4 45. g6 Re1 46. Kg2 1-0

[Event "World Youth U-16 Olympiad 2018"]
[Site "Konya"]
[Date "2018.11.27"]
[Round "4"]
[White "Degraeve, Remy"]
[Black "Mladek, Richard"]
[Result "1-0"]
[WhiteElo "2384"]
[BlackElo "2312"]
[Annotator "NA"]
[PlyCount "85"]
[EventDate "2018.11.25"]
[EventType "team-tourn"]
[EventCountry "TUR"]
[SourceTitle "playchess.com"]
[Source "ChessBase"]
[SourceQuality "1"]
[WhiteTeam "France"]
[BlackTeam "Czech Republic"]
[WhiteTeamCountry "FRA"]
[BlackTeamCountry "CZE"]

1. e4 c5 2. Nf3 d6 3. d4 cxd4 4. Nxd4 Nf6 5. Nc3 a6 6. h3 e5 7. Nde2 h5 8. Bg5 Be6 9. Bxf6 Qxf6 10. Nd5 Bxd5 11. Qxd5 Nc6 12. Nc3 g6 13. Bc4 Rc8 14. Bb3 Qe7 15. O-O Nd4 16. Qa5 Bg7 17. Nd5 Qh4 18. Rfe1 O-O 19. c3 Rc5 20. Qa4 Nc6 21. Bc2 Ra5 22. Qc4 Rc8 23. Qe2 Rc5 24. Bb3 Kh8 25. Rad1 b5 26. Nb6 Rc7 27. Rxd6 b4 28. Nd5 Bf8 29. Nxc7 Bxd6 30. Nxa6 Ra5 31. Nxb4 Bxb4 32. cxb4 Nd4 33. Qe3 Ra6 34. Bxf7 Kg7 35. Bc4 Rd6 36. Rf1 Rf6 37. a4 g5 38. b5 g4 39. Qg3 Qg5 40. h4 Qd2 41. Qxe5 Qxb2 42. Qe7+ Kg6 43. e5 1-0

[Event "World Youth U-16 Olympiad 2018"]
[Site "Konya"]
[Date "2018.11.27"]
[Round "4"]
[White "Pogosyan, Stefan"]
[Black "Zhalmakhanov, Ramazan"]
[Result "1-0"]
[WhiteElo "2381"]
[BlackElo "2316"]
[Annotator "NA"]
[PlyCount "101"]
[EventDate "2018.11.25"]
[EventType "team-tourn"]
[EventCountry "TUR"]
[SourceTitle "playchess.com"]
[Source "ChessBase"]
[SourceQuality "1"]
[WhiteTeam "Russia"]
[BlackTeam "Kazakhstan"]
[WhiteTeamCountry "RUS"]
[BlackTeamCountry "KAZ"]

1. d4 Nf6 2. c4 e6 3. Nc3 Bb4 4. Qc2 O-O 5. a3 Bxc3+ 6. Qxc3 d5 7. Bg5 dxc4 8. Qxc4 b6 9. Nf3 Ba6 10. Qa4 Qd7 11. Qc2 c5 12. dxc5 Rc8 13. Bxf6 gxf6 14. Qe4 Qb5 15. Qg4+ Kf8 16. Qd4 bxc5 17. Qxf6 Qa5+ 18. Nd2 Nd7 19. Qh6+ Ke8 20. Qxh7 Nf6 21. Qc2 Nd5 22. e4 Nb4 23. Qc3 Bxf1 24. Kxf1 Rd8 25. Nc4 Qa6 26. Ke2 Nd3 27. b3 Rd4 28. Rhd1 Rad8 29. Kf1 Ne5 30. Rxd4 Rxd4 31. Qa5 Qxa5 32. Nxa5 Rd2 33. f3 Nd3 34. Nc4 Rf2+ 35. Kg1 Rc2 36. Rd1 Nc1 37. Rd2 Rc3 38. Nd6+ Kf8 39. b4 Nd3 40. h4 Rxa3 41. bxc5 Nxc5 42. Rc2 Nd3 43. Rc7 Ne5 44. h5 Rd3 45. Nc8 a6 46. Rc5 Nd7 47. Rg5 Rc3 48. h6 Nf6 49. Nd6 Rc6 50. e5 Rc5 51. f4 1-0